1869 1140 1027 1575 1874 1720 1403 1919 1243 1735 1191 1375 1585 1326 1149 1696 1780 1954 1211 1981 1988 1131 1566 1095 1446 1821 1542 1689 1634 1261 1332 1802 1794 1919 1284 1090 1600 1662 1272 1975 1587 1356 1992 1255 1059 1409 1473 1504 1967 1271 1322 1522 1583 1087 1942 1575 1857 1657 1976 1473 1428 1426 1093 1167 1353 1310 1801 1596 1017 1240 1745 1487 1746 1450 1055 1755 1806 1385 1111 1959 1992 1139 1102 1176 1419 1078 1231 1766 1710 1697 1138 1249 1634 1843 1187 1210 1071 1972 1084 BCNSPRNW ULIB Ver.6.0+V

เปลี่ยนเป็นภาษาไทย

Change to English
 แสดงรายละเอียดบรรณานุกรม
  กลับหน้าหลัก

Brief Record : Get Marc (ISO 2709) : E-mail record : QR code < ปิดหน้าต่าง
LEADER : 00000nam 2200000uu 4500
001    13399111916
003     ULIB
008    110627s2553||||th 000 0 tha d
020    9786160600878
090    นว.^bว859ค 2553
100 0  วีสาม
245 00 ความรู้สึกดีที่เรียกว่ารัก : เรื่องรักระหว่างใจ/^cวีสาม
250    พิมพ์ครั้งที่ 2
260    กรุงเทพฯ :^bแจ่มใส,^c2553
300    281 หน้า
710 1  แจ่มใส
945    ^p199^l0^i028068
995    ทศพร
999 ^a ใช้งานได้ทุกระบบ
รายการนี้ยังไม่มีแท็ก
คุณยังไม่ได้ล็อกอิน คุณสามารถมีกิจกรรมร่วมกับเว็บไซต์ได้ แต่ต้องล็อกอินก่อน ::
  ล็อกอิน

รายการสื่อสารสนเทศ

ลำดับที่ ประเภท เลขเรียก/บาร์โค้ด สถานที่ สถานะ
- ไม่พบข้อมูล -

รายการใกล้เคียง
    ผู้แต่ง [วีสาม]

BibComment


ยังไม่เคยถูกคอมเมนท์

คอมเมนท์ทรัพยากรรายการนี้
  คอมเมนท์: ความรู้สึกดีที่เร..


 Copyright 2026. Bcnsprnw @Library